International business register (Record no. 20670)

MARC details
000 -LEADER
fixed length control field 00274nam a2200109Ia 4500
082 ## - DEWEY DECIMAL CLASSIFICATION NUMBER
Classification number 338.45(058)
Item number BOT
100 ## - MAIN ENTRY--AUTHOR NAME
Personal name Bottin
245 #0 - TITLE STATEMENT
Title International business register
260 ## - PUBLICATION, DISTRIBUTION, ETC. (IMPRINT)
Name of publisher Societe didto bottin
Year of publication 1965
942 ## - ADDED ENTRY ELEMENTS (KOHA)
Koha item type Books
Holdings
Withdrawn status Lost status Damaged status Not for loan Home library Current library Date acquired Source of acquisition Full call number Accession Number Koha item type
        RRII Library RRII Library 16/12/2021 Auction 338.45(058) BOT 01392 Books